Statistics for Guess the Song [One Direction - Four]

Click here to take the quiz!

General Stats

  • This quiz has been taken 2,614 times
  • The average score is 12 of 16

Answer Stats

HintAnswer% Correct
Her mother, doesn't like that kind of dress...Night Changes
92%
And every jaw drop, when she's in those jeans, alright...Steal My Girl
92%
Long before we both thought the same thing...18
86%
Lost my senses, I'm defenseless...No Control
83%
And, yeah, I let you use me from the day that we first met...Fool's Gold
80%
Who's this man that's holding your hand and talking about your eyes?Stockholm Syndrome
78%
I think I'm gonna lose my mind...Fireproof
76%
Some say "She's such a fake that her love is made up", no...Girl Almighty
76%
Who's gonna be the first one to come from miles?Spaces
75%
I know you said, that you don't like it complicated...Clouds
72%
I can count on you after all that we've been through, cause I know that you'll always understand....Act My Age
71%
There will always be the kind to criticize...Ready To Run
68%
Shadows come with the pain that you're running from...Where Do Broken Hearts Go?
67%
It's magic between you and me...Illusion
60%
Don't play innocent, I know what you meant, when you said you'd come over...Change Your Ticket
59%
When I close my eyes, all the stars align...Once In A Lifetime
56%

Score Distribution

Percentile by Number Answered

Percent of People with Each Score

Your Score History

You have not taken this quiz